Statistics for Video Game characters

Click here to take the quiz!

General Stats

  • This quiz has been taken 13 times
  • The average score is 8 of 18

Answer Stats

Answer% Correct
Scorpion, SonyaMORTAL KOMBAT
100%
Sonic, EggmanSonic the Hedgehog
92%
Kratos, ZeusGod Of War
85%
Trevor, Michael , FranklinGrand Theft Auto V
69%
Cloud, Tifa, CidFinal Fantasy 7
69%
Nathan, Elena, SullyUncharted Drake's Fortune
69%
Ken, BisonStreet Fighter
69%
Chris , Leon, AdaResident Evil 6
54%
Geralt of rivia, TrissThe Witcher
38%
Yu, Rise, ChiePersona 4
38%
Axel, Roxas, SoraKingdom Hearts 2
31%
Wei Shen, Big Lee SmileSleeping Dogs
23%
Dingo , ADA, JehutyZone of the Enders 2
15%
Duckman Drake, MonkeyTimesplitters 2
8%
Gilgamesh, Tamamo no MaeFate Extella: The Umbral Star
8%
Sam, NETRICSASerious Sam
8%
Alma, Point man , Harlan WadeF.E.A.R.
8%
Nathan Hale, Rachel ParkerResistance: Fall of Man
8%

Score Distribution

Percentile by Number Answered

Percent of People with Each Score

Your Score History

You have not taken this quiz